000 00652nam a2200241Ia 4500
008 170203s9999 xx 000 0 und d
020 _a9715015441
050 _a226.2
050 _b.H498k 1993
100 _aHendrickx, Herman.
245 2 _aA key to the gospel of Matthew /
245 _cMark Hendrickx
260 _aQuezon City :
260 _bClaretian Publishing
260 _c1992
300 _a58 pages ;
300 _c21 cm.
500 _aIncludes bibliographical references and index.
650 _a Bible. N.T. Matthew
650 _aBible. N.T. Gospels
650 _xCommentaries.
650 _xLiturgical lessons, English.
999 _c305411
_d305411